| 000 | 00676cam a2200145ua 4500 | ||
|---|---|---|---|
| 041 |
_aeng _h |
||
| 082 |
_a631.316 _bBUR/SP |
||
| 110 | 1 |
_aBureau of Indian Standards . _b _c() |
|
| 245 |
_aSpecification for shaft assembly for rotaveator for power tiller, IS11905-1986 / _cBureau of Indian Standards. _hTextual Documents |
||
| 260 |
_a : _bBureau of Indian Standards , _c1987. |
||
| 300 | _a7 ; . | ||
| 504 | _a | ||
| 942 | _cBK | ||
| 999 |
_c7898 _d7898 |
||